书目信息 |
| 题名: |
美式整脊疗法
|
|
| 作者: | 李雁雁 著 | |
| 分册: | ||
| 出版信息: | 北京 中国盲文出版社 2012.08 |
|
| 页数: | 249页 | |
| 开本: | 26cm | |
| 丛书名: | 盲人按摩师职业技能提高丛书 | |
| 单 册: | ||
| 中图分类: | R454.4 | |
| 科图分类: | ||
| 主题词: | 脊柱病--按摩--研究--美国 , 脊柱病 , 按摩 | |
| 电子资源: | ||
| ISBN: | 978-7-5002-3891-1 | |
| 000 | 00986oam2 2200289 450 | |
| 001 | 0102100430 | |
| 005 | 20210402100823.0 | |
| 010 | @a978-7-5002-3891-1@dCNY17.00 | |
| 100 | @a20121212d2012 em y0chiy50 ea | |
| 101 | 0 | @achi |
| 102 | @aCN@b110000 | |
| 105 | @aa z 000yy | |
| 106 | @ar | |
| 200 | 1 | @a美式整脊疗法@Amei shi zheng ji liao fa@f李雁雁著 |
| 210 | @a北京@c中国盲文出版社@d2012.08 | |
| 215 | @a249页@c图, 照片@d26cm | |
| 225 | 2 | @a盲人按摩师职业技能提高丛书@f李志军主编 |
| 300 | @a国家出版基金项目 | |
| 330 | @a本书共有十章,第一至第五章主要讨论了美式整脊医学的起源与发展、适应证与禁忌证、医学原理与诊断技术以及注意事项等;第六至第十章介绍了手法体系以及颈椎、胸椎、腰椎和骨盆的一些基本矫正手法。 | |
| 461 | 0 | @12001 @a盲人按摩师职业技能提高丛书 |
| 606 | 0 | @a脊柱病@x按摩@x研究@y美国 |
| 606 | 0 | @a脊柱病 |
| 606 | 0 | @a按摩 |
| 690 | @aR454.4@v5 | |
| 701 | 0 | @a李雁雁@Ali yan yan@4著 |
| 801 | 0 | @aCN@bBJSZM@c20210402 |
| 905 | @b1277371-4@dR454.4@e147@f4 | |
| 美式整脊疗法/李雁雁著.-北京:中国盲文出版社,2012.08 |
| 249页:图, 照片;26cm.-(盲人按摩师职业技能提高丛书/李志军主编) |
| 国家出版基金项目 |
| ISBN 978-7-5002-3891-1:CNY17.00 |
| 本书共有十章,第一至第五章主要讨论了美式整脊医学的起源与发展、适应证与禁忌证、医学原理与诊断技术以及注意事项等;第六至第十章介绍了手法体系以及颈椎、胸椎、腰椎和骨盆的一些基本矫正手法。 |
| ● |
| 相关链接 |
|
|
|
|
正题名:美式整脊疗法
索取号:R454.4/147
 
预约/预借
| 序号 | 登录号 | 条形码 | 馆藏地/架位号 | 状态 | 备注 |
| 1 | 1277371 | 212773710 | 第二样本阅览室/ [索取号:R454.4/147] | 在馆 | |
| 2 | 1277372 | 212773729 | 教育系资料室/ [索取号:R454.4/147] | 在馆 | |
| 3 | 1277373 | 212773738 | 教育系资料室/ [索取号:R454.4/147] | 在馆 | |
| 4 | 1277374 | 212773747 | 第三借阅区/ [索取号:R454.4/147] | 在馆 |